Mustafa Kemal Atatürk'e saygı (Record no. 4877)

MARC details
000 -BAŞLIK
Sabit Uzunlukta Kontrol Alanı 00879na a2200265 4500
001 - KONTROL NUMARASI
Denetim Alanı 14791
003 - KONTROL NUMARASI IDENTIFIER
Denetim Alanı MIRAKIL
005 - SON İŞLEM TARİHİ VE ZAMANI
Denetim Alanı 20181213155021.0
008 - SABİT-BOY VERİ ELEMANLARI - GENEL BİLGİLER
Sabit Uzunlukta Kontrol Alanı 160901b tu 000 0
020 ## - ULUSLARARASI STANDART KİTAP NUMARASI
Uluslararası Standart Kitap Numarası 9789750151002
035 ## - SİSTEM KONTROL NUMARASI
Sistem Kontrol Numarası 14791
040 ## - KATALOGLAMA KAYNAK
Orijinal Kataloglama Ajansı Milas
Kataloglama Dili tur
Metne Dönüştürmek Ajansı TR-AnCHP
082 ## - DEWEY ONLU SINIFLANDIRMA NUMARASI
Sınıflandırma Numarası ATA/B 923.156
Ürün Numarası M87 2007
090 ## - SINIFLAMA NUMARASI
Sınıflama Numarası ATA/B 923.156 M87 2007
245 ## - BAŞLIK TABLOSU
Başlık Mustafa Kemal Atatürk'e saygı
Sorumluluk Tablosu, Vb derleyen & hazırlayan Ahmet Ömer Kibar...[ve öte.]
260 ## - YAYIN, DAĞITIM, VB
Yayın, Dağıtım, Vb Yeri İstanbul
Yayıncı, Dağıtıcı, Vs Adı Atatürkçü Düşünce Kültür Yayınları
Yayın, Dağıtım, Vb Tarihi 2007
300 ## - FİZİKSEL TANIM
Kapsam 2 c.
Diğer Fiziksel Ayrıntıları fotg.
Boyutlar 34 sm.
504 ## - KAYNAKÇA VB NOT
Kaynakça Vb Notu Kaynakça var.
600 ## - KONU KATMA GİRİŞ - KURUMSAL ADI
Kişisel Ad Atatürk, Mustafa Kemal
Bir Adıyla İlişkilendirilen Tarihler 1881-1938
Genel Alt Bölümü Yaşamöyküsü
600 ## - KONU KATMA GİRİŞ - KURUMSAL ADI
Kişisel Ad Atatürk, Mustafa Kemal
Bir Adıyla İlişkilendirilen Tarihler 1881- 1938
Genel Alt Bölümü Anma kitabı
600 ## - KONU KATMA GİRİŞ - KURUMSAL ADI
Kişisel Ad Atatürk, Mustafa Kemal
Bir Adıyla İlişkilendirilen Tarihler 1881-1938
Genel Alt Bölümü Albümler
650 ## - KONU KATMA GİRİŞ - TOPİKAL DÖNEM
Topikal Süreli Veya Coğrafi Ad Giriş Elemanı Atatürkçülük
700 ## - KATMA GİRİŞ - KİŞİSEL İSİM
Kişisel Ad Kibar, Ahmet Ömer
942 ## - EKLENDİ GİRİŞ ELEMANLARI (KOHA)
Sınıflandırma Veya Raf Düzeni Kaynak
Koha Öğesi Türü Books
999 ## - SİSTEM KONTROL NUMARALARI (KOHA)
Koha Biblionumber 4877
Koha Biblioitemnumber 4877
Holdings
Kalıcı Konum Mevcut Konum Edinme Tarihi Edinim Kaynak Toplam Check-Out'Lar Tam Çağrı Numarası Barkod Tarih Son Görülme İtibaren Geçerli Fiyatlar Koha Öğesi Türü
CHP Kütüphanesi CHP Kütüphanesi 09/01/2016 Bağış   ATA/B 923.156 M87 2007 002684 09/01/2016 09/01/2016 Books
CHP Kütüphanesi CHP Kütüphanesi 09/01/2016 Bağış   ATA/B 923.156 M87 2007 002685 09/01/2016 09/01/2016 Books